Les arrêts du bus 93 RATP (Paris) - Statistiques

Statistiques générales
  • Ce quiz a été pris 2 fois
  • Le résultat moyen est 27 sur 55
Statistiques - réponses
Numéro Arrêts % Correct
15 Bagatelle
100%
50 Champs-Elysées - Clemenceau
100%
27 Hôpital Américain
100%
14 Hôpital - Pont de Puteaux
100%
55 Invalides
100%
36 Pereire
100%
20 Pont de Neuilly
100%
3 Pont de Suresnes
100%
34 Porte de Champerret
100%
2 Rue des Bourets - Pont de Suresnes
100%
42 Saint-Augustin
100%
1 Suresnes - De Gaulle
100%
26 Villiers
100%
12 Bas Rogers
50%
21 Château
50%
10 De Pressensé
50%
52 Grand Palais
50%
43 Haussmann - Miromesnil
50%
6 Henri IV
50%
5 Honoré d'Estienne d'Orves
50%
29 Hôpital du Perpétuel Secours
50%
7 Jean Macé
50%
41 Lisbonne - Mairie du 8ème
50%
33 L'Yser et la Somme
50%
4 Mairie de Suresnes
50%
40 Malesherbes - Courcelles
50%
19 Maurice Barrès
50%
35 Pereire - Le Châtelier
50%
37 Pereire - Villiers
50%
16 Place de Bagatelle
50%
39 Place du Général Catroux
50%
9 Pompidou
50%
54 Pont Alexandre III
50%
24 Pont de la Grande Jatte
50%
11 Résidence Verdun
50%
49 Rond-Point des Champs-Elysées
50%
17 Rue du Centre
50%
45 Saint-Philippe-du-Roule
50%
32 Villiers - Bineau
50%
30 Voltaire - Villiers
50%
13 Wallace - Jean Jaurès
50%
8 Berty Albrecht
0%
25 Centre des Impôts
0%
23 Centre Hospitalier
0%
22 Collège André Maurois
0%
38 Jouffroy d'Abbans - Villiers
0%
44 La Boétie - Miromesnil
0%
31 Louis Rouquier
0%
46 Matignon - Saint-Honoré
0%
51 Palais de la Découverte
0%
28 Place de la Libération
0%
53 Pont des Invalides - Place de Finlande
0%
47 Rond-Point des Champs-Elysées - Franklin Roosevelt
0%
48 Rond-Point des Champs-Elysées - Matignon
0%
18 Rue du Bois de Boulogne
0%
Aucun quiz correspondant
Distribution des résultats
% des personnes avec chaque résultat
Percentile par nombre de réponses
Votre historique - résultats
Vous n’avez pas pris ce quiz